3 Largest Countries by Each Letter Quiz Stats

 Plays Quiz Updated Dec 31, 2018

Support Sporcle.
Go Orange.
Score 0/65 Timer 08:00
2 Plays Today
Letter Country % Correct
UUnited States
95%
RRussia
94.7%
CCanada
94.4%
CChina
94%
BBrazil
93.6%
AAustralia
92.7%
IIndia
91.4%
FFrance
90.6%
AArgentina
88.7%
GGermany
86.8%
YYemen
86.6%
QQatar
85.8%
JJapan
85.5%
ZZimbabwe
83.3%
DDenmark
83.3%
MMexico
82.1%
OOman
81.9%
IIndonesia
80.5%
VVenezuela
79.4%
EEgypt
77.4%
ZZambia
77.2%
FFinland
75.6%
IIran
75.1%
SSouth Africa
74.8%
NNiger
74.3%
PPeru
73.9%
TTurkey
73.9%
KKazakhstan
72.7%
EEthiopia
72.3%
NNigeria
71.9%
MMongolia
69.9%
PPakistan
69.5%
AAlgeria
69.3%
Letter Country % Correct
SSudan
68.9%
UUkraine
67.9%
LLibya
67.2%
VVietnam
65.7%
DDem. Rep. of the Congo
65.6%
KKenya
63.8%
SSaudi Arabia
62.8%
BBolivia
62%
UUzbekistan
61.8%
HHungary
60.3%
HHonduras
60.2%
CChad
59.8%
JJamaica
58.5%
JJordan
58.1%
LLaos
57.1%
TThailand
56.5%
HHaiti
56.5%
RRomania
55.5%
MMali
54.2%
VVanuatu
51.6%
KKyrgyzstan
50.8%
EEcuador
50.8%
TTanzania
50.6%
NNamibia
49.5%
BBotswana
47%
LLiberia
43.6%
FFiji
41.3%
RRep of the Congo
40.6%
GGuinea
37.2%
GGabon
36.7%
PPapua New Guinea
33.1%
DDominican Republic
31.4%

You're not logged in!

Compare scores with friends on all Sporcle quizzes.
OR
Log In
Forgot?

From the Vault

Green Eggs and Ham

by Booger

Dr. Seuss's publisher bet $50 that Seuss could not write a book using only 50 distinct words. We are shocked that gambling had such a prominent place in children's literature.
Remove Ads.
Support Sporcle.
Get the best of Sporcle when you Go Orange. This ad-free experience offers more features, more stats, and more fun while also helping to support Sporcle. Thank you for becoming a member.

Show Comments

Extras

Top Quizzes Today


Score Distribution

Your Account Isn't Verified!

In order to create a playlist on Sporcle, you need to verify the email address you used during registration. Go to your Sporcle Settings to finish the process.

Report this User

Report this user for behavior that violates our Community Guidelines.

Details: